<?xml version="1.0" encoding="UTF-8"?><?xml-stylesheet type="text/xsl" href="static/style.xsl"?><OAI-PMH xmlns="http://www.openarchives.org/OAI/2.0/" xmlns:xsi="http://www.w3.org/2001/XMLSchema-instance" xsi:schemaLocation="http://www.openarchives.org/OAI/2.0/ http://www.openarchives.org/OAI/2.0/OAI-PMH.xsd"><responseDate>2026-04-17T08:03:31Z</responseDate><request verb="GetRecord" identifier="oai:www.recercat.cat:10256/22172" metadataPrefix="marc">https://recercat.cat/oai/request</request><GetRecord><record><header><identifier>oai:recercat.cat:10256/22172</identifier><datestamp>2024-05-22T11:33:18Z</datestamp><setSpec>com_2072_452966</setSpec><setSpec>com_2072_2054</setSpec><setSpec>col_2072_452968</setSpec></header><metadata><record xmlns="http://www.loc.gov/MARC21/slim" xmlns:dcterms="http://purl.org/dc/terms/" xmlns:xsi="http://www.w3.org/2001/XMLSchema-instance" xmlns:doc="http://www.lyncode.com/xoai" xsi:schemaLocation="http://www.loc.gov/MARC21/slim http://www.loc.gov/standards/marcxml/schema/MARC21slim.xsd">
   <leader>00925njm 22002777a 4500</leader>
   <datafield ind2=" " ind1=" " tag="042">
      <subfield code="a">dc</subfield>
   </datafield>
   <datafield ind2=" " ind1=" " tag="720">
      <subfield code="a">Planas Díaz, Maria</subfield>
      <subfield code="e">author</subfield>
   </datafield>
   <datafield ind2=" " ind1=" " tag="260">
      <subfield code="c">2022</subfield>
   </datafield>
   <datafield ind2=" " ind1=" " tag="520">
      <subfield code="a">Background: In recent years, there has been an increase in the demand by&#xd;
pregnant women to assume a physiological part, diminished by those&#xd;
interventionist techniques, and consequently, the search for alternative&#xd;
techniques has increased exponentially with the aim of providing autonomy and&#xd;
empowerment to the donor during the gestation process. One of the main tips is&#xd;
umbilical cord management, which is based on the application of delayed&#xd;
umbilical cord clamping instead of immediate clamping.&#xd;
Delayed umbilical cord clamping involves abandoning the practice of early&#xd;
clamping and clipping of the umbilical cord at the time of birth, which allows the&#xd;
physiology of the process to be respected in its rhythm and the harvesting,&#xd;
especially the transfusion of the blood remaining in the placenta to its recipient,&#xd;
the newborn.&#xd;
Objectives: The overall objective of this study is to determine the health benefits&#xd;
of the baby and the pregnant woman of delayed umbilical cord clamping as a&#xd;
technique applicable at the time of delivery</subfield>
   </datafield>
   <datafield ind2=" " ind1=" " tag="520">
      <subfield code="a">Introducció: En els darrers anys, hi ha hagut un augment de la demanda, per&#xd;
part de les gestants a assolir un part fisiològic, disminuint així aquelles tècniques&#xd;
intervencionistes i en conseqüència, ha augmentat de forma exponencial la cerca&#xd;
de tècniques alternatives amb l’objectiu d’aportar autonomia i apoderament a la&#xd;
dona durant el procés de gestació. Un dels principals canvis és el maneig del&#xd;
cordó umbilical, vetllant per l’aplicació del pinçament tardà del cordó umbilical en&#xd;
lloc del pinçament immediat.&#xd;
El pinçament tardà del cordó umbilical implica abandonar la pràctica de pinçar i&#xd;
tallar de forma precoç el cordó quan neix el nadó, permetent que bategui al seu&#xd;
ritme respectar la fisiologia del procés i cos, especialment la transfusió de la sang&#xd;
que queda a la placenta al seu receptor, el nounat.&#xd;
Objectiu: L’objectiu general del present estudi és determinar els beneficis per a&#xd;
la salut del nadó i de la gestant, del pinçament tardà del cordó umbilical com a&#xd;
tècnica aplicable en el moment de part</subfield>
   </datafield>
   <datafield ind1="8" ind2=" " tag="024">
      <subfield code="a">http://hdl.handle.net/10256/22172</subfield>
   </datafield>
   <datafield tag="653" ind2=" " ind1=" ">
      <subfield code="a">Part</subfield>
   </datafield>
   <datafield tag="653" ind2=" " ind1=" ">
      <subfield code="a">Parturition</subfield>
   </datafield>
   <datafield tag="653" ind2=" " ind1=" ">
      <subfield code="a">Delivery (Obstetrics)</subfield>
   </datafield>
   <datafield tag="653" ind2=" " ind1=" ">
      <subfield code="a">Part natural</subfield>
   </datafield>
   <datafield tag="653" ind2=" " ind1=" ">
      <subfield code="a">Natural childbirth</subfield>
   </datafield>
   <datafield tag="653" ind2=" " ind1=" ">
      <subfield code="a">Cordó umbilical</subfield>
   </datafield>
   <datafield tag="653" ind2=" " ind1=" ">
      <subfield code="a">Umbilical cord</subfield>
   </datafield>
   <datafield ind2="0" ind1="0" tag="245">
      <subfield code="a">Beneficis del pinçament tardà del cordó umbilical pel nadó i la gestant: revisió bibliogràfica</subfield>
   </datafield>
</record></metadata></record></GetRecord></OAI-PMH>